[Event "C-Klasse 2010 (C68)"]
[Site "Berlin-Weißensee"]
[Date "2010.05.16"]
[Round "7.4"]
[White "Laurin, Dirk"]
[Black "Noak, Uwe"]
[Result "0-1"]
[WhiteElo "1367"]
[BlackElo "1534"]
[PlyCount "44"]
[EventDate "2010.??.??"]

1. e4 e6 2. d4 d5 3. exd5 exd5 4. Nf3 Bd6 5. Bd3 Ne7 6. O-O O-O 7. Be3 Bg4 8.
Nbd2 c6 9. c3 Qc7 10. Bxh7+ Kh8 11. Bd3 Bxh2+ 12. Kh1 Bf4 13. Qe1 Bd6 14. Qb1
g6 15. Bg5 Kg7 16. Nh4 Rh8 17. Kg1 f6 18. Bxf6+ Kxf6 19. Nxg6 Nxg6 (19... Bh2+
20. Kh1 Bg1+ 21. Kxg1 Qh2#) 20. Bxg6 Bh2+ 21. Kh1 Bg1+ 22. Kxg1 Qh2# 0-1